| 000 | 00922nam a22001697a 4500 | ||
|---|---|---|---|
| 005 | 20260124093242.0 | ||
| 008 | 230713b ||||| |||| 00| 0 eng d | ||
| 040 |
_cSSBUL _dSSBUL |
||
| 082 |
_223 _a၅၉၉.၆၇၀၉၅၉၁ ရဲ ၁၆၀၂၀ (S-SAT) |
||
| 100 |
_aရဲမြင့်၊ _gသစ်တော။ _927876 |
||
| 245 |
_aမြိုင်ဟေဝန်တောဆင်ရိုင်းဖမ်းအဖွဲ့နှင့် လိုက်ပါခဲ့စဉ်က / _cရဲမြင့်(သစ်တော)။ |
||
| 260 |
_aရန်ကုန်၊ _bစစ်သည်တော်စာပေ၊ _c၂၀၀၃။ |
||
| 300 |
_a၈၀ စာမျက်နှာ၊ _bဓာတ်ပုံများ၊ _c၂၁ စင်တီ။ |
||
| 500 | _aS-SAT: Dr. Prof Sai Aung Tun | ||
| 650 |
_aဆင်များ _zမြန်မာနိုင်ငံ။ _927843 |
||
| 942 |
_2ddc _cBK1 |
||
| 999 |
_c27125 _d27125 |
||